Armas para la violencia / colaboración de Miguel Cruz
Guardat en:
| Autor principal: | |
|---|---|
| Format: | Llibre |
| Idioma: | Spanish |
| Etiquetes: |
Afegir etiqueta
Sense etiquetes, Sigues el primer a etiquetar aquest registre!
|
MARC
| LEADER | 00000nam a22000007a 4500 | ||
|---|---|---|---|
| 003 | cru CIDCACS/IIS | ||
| 005 | 20190125153746.0 | ||
| 007 | ta | ||
| 008 | 190125s1999 es |||||r||||||0| ||spa d | ||
| 999 | |c 42131 |d 42131 | ||
| 040 | |c cru CIDCACS/IIS | ||
| 100 | 1 | |9 8286 |a Cruz, Miguel | |
| 245 | 1 | |a Armas para la violencia / |b colaboración de Miguel Cruz | |
| 300 | |a páginas 10-12 | ||
| 942 | |2 ddc |c PP | ||
| 773 | 0 | |0 42115 |9 2630 |a Universidad Centroamericana José Simeón Cañas (UCA) |d San Salvador, El Salvador: Universidad Centroamericana José Simeón Cañas. Centro Universitario de Documentación e Información |o 18212 |t El Salvador Proceso: |x 02599864 | |
